000 00531nam a22001817a 4500
005 20150610163515.0
010 _aENG-112975
020 _c250.00
_a9789380357737
035 _aEN-96507
037 _bDBAD/PUB
082 _a000
100 _aMalakar, R.M.
245 _aRemarkable dates /
_cby R.M. Malakar
260 _aTripura
_bNaba Chandana Prakashani
_c2015
270 _bTripura
_e799002
_aRamanagar Road No-2 (West) P.O. Ramnagar, Agartala,
300 _a176p.
_c22cm(Hb)
942 _2ddc
_cEN
_mMAL
_h000
999 _c93537
_d93537